| 000 | 01145nam a2200301Ia 4500 | ||
|---|---|---|---|
| 003 | OSt | ||
| 005 | 20201029221732.0 | ||
| 008 | 191128s1983 fr a gr 000 0 spa d | ||
| 020 | _a2717806873 | ||
| 040 |
_aCO-JMCR _cCO-JMCR |
||
| 041 | 0 | _afra | |
| 082 | 0 | 4 |
_a658.4032 / _bG278c _223 |
| 100 | 1 |
_aGervais, Michel, _eautor _912259 |
|
| 245 | 1 | 0 |
_aContrôle de gestion : _bet planification de l'entreprise / _cMichel Gervais |
| 250 | _a2e. édition | ||
| 260 |
_aParís : _bEd. Economica, _c1983. |
||
| 300 |
_a512 páginas : _bgráficos a blanco y negro ; _c25 cm. |
||
| 490 | 0 | _aCollection Gestion. Politique générale, france et marketing | |
| 500 | _aIncluye notas a pie de páginas. | ||
| 504 | _aBibliografía: 487-497. | ||
| 505 | 0 | _aLe controle de gestion -- Le systeme budgetaire -- La planification -- Le systeme plans-programmes-budgets -- Les nouveaux systemes de planification | |
| 546 | _aTexto en francés | ||
| 650 | 2 | 4 |
_aControl de gestión _911355 |
| 650 | 2 | 4 |
_aGestión empresarial _9603 |
| 650 | 2 | 4 |
_aEmpresas _xAdministración de empresas _912260 |
| 650 | 2 | 4 |
_aOrganización industrial _912236 |
| 942 |
_2ddc _cBK |
||
| 999 |
_c6120 _d6120 |
||